Countries of Africa (random) - Statistics

General Stats
  • This quiz has been taken 8 times
  • The average score is 12 of 25
Answers on the Map
Answers color-coded by a green-red scale on the quiz's map according to % correct below.
 
Answer Stats
Answer % Correct
Chad
100%
Comoros
100%
Gambia
100%
Angola
75%
Egypt
75%
Uganda
75%
Botswana
67%
Ethiopia
67%
Ghana
67%
Lesotho
67%
Liberia
67%
Niger
67%
Tunisia
67%
Eswatini
60%
Guinea-Bissau
60%
Nigeria
60%
Tanzania
60%
Togo
60%
Cape Verde
50%
Central African Republic
50%
Djibouti
50%
Equatorial Guinea
50%
Gabon
50%
Morocco
50%
Namibia
50%
Rwanda
50%
Seychelles
50%
South Sudan
50%
Zimbabwe
50%
Benin
40%
Kenya
40%
Libya
40%
Mauritania
40%
Algeria
33%
D.R. Congo
33%
Eritrea
33%
Guinea
33%
Mali
33%
Republic of the Congo
33%
São Tomé and Príncipe
33%
Zambia
33%
Burkina Faso
25%
Cameroon
25%
Mauritius
25%
Senegal
25%
Somalia
25%
Sudan
25%
Madagascar
20%
Mozambique
20%
South Africa
20%
Burundi
0%
Cote d'Ivoire
0%
Malawi
0%
Sierra Leone
0%
No matching quizzes found
Score Distribution
Percent of People with Each Score
Percentile by Number Answered
Your Score History
You have not taken this quiz